000 00425nam a2200169 i 4500
001 29778
003 ES-MaACL
005 20231224062913.0
007 t|
008 030122s1960 sp |||| | spa d
100 1 _aBaroja, Pío,
_d1872-1956
_925752
245 1 3 _aLa dama errante /
_cPío Baroja.
260 _aMadrid :
_bCid,
_c[1960]
300 _a270 p. ;
_c19 cm.
852 _aES-MaACL
_jC-19240
999 _c29778
_d29778